000 00527nam a2200181Ia 4500
001 4609
005 20260306145808.0
008 260306t2019||||xx |||||||||||||| ||spa||
041 _aESP
082 _a327.47085
_bA124
100 _aAdins Vanbiervliet, Sebastien Marcel Albert
_eAUT
245 0 _aLas relaciones entre el Perú y Rusia:
_brevisión e interpretación desde las relaciones internacionales
260 _c2019
300 _a275 páginas :
_c21 cm.
650 _aGEN
654 _aCHU
942 _cLIB
_dJUS
_fJUS
_2ddc
_n
999 _c4609
_d4609